Временная диффузия энтропии; Известия вузов. Физика; Т. 55, № 6
| Parent link: | Известия вузов. Физика: научный журнал/ Национальный исследовательский Томский государственный университет (ТГУ).— , 1957- Т. 55, № 6.— 2012.— [С. 75-80] |
|---|---|
| Autor principal: | |
| Autor Corporativo: | |
| Resumo: | Заглавие с экрана Показано, что существуют обладающие временной симметрией дифференциальные уравнения диффузионного либо волнового типа, которые могут быть использованы для описания необратимой эволюции энтропии. Обнаружено, что решение «энтропийного уравнения» имеет монотонно возрастающий характер, горизонтальной асимптотикой которого может быть энтропия Бекенстайна - Хокинга и Больцмана либо энтропия релятивистской плазмы. Режим доступа: по договору с организацией-держателем ресурса |
| Idioma: | russo |
| Publicado em: |
2012
|
| Assuntos: | |
| Acesso em linha: | http://elibrary.ru/item.asp?id=17885891& |
| Formato: | MixedMaterials Recurso Eletrônico Capítulo de Livro |
| KOHA link: | https://koha.lib.tpu.ru/cgi-bin/koha/opac-detail.pl?biblionumber=637444 |
MARC
| LEADER | 00000nla0a2200000 4500 | ||
|---|---|---|---|
| 001 | 637444 | ||
| 005 | 20250421090804.0 | ||
| 035 | |a (RuTPU)RU\TPU\network\1584 | ||
| 035 | |a RU\TPU\network\1583 | ||
| 090 | |a 637444 | ||
| 100 | |a 20140915d2012 k||y0rusy50 ca | ||
| 101 | 0 | |a rus | |
| 102 | |a RU | ||
| 135 | |a drcn ---uucaa | ||
| 181 | 0 | |a i | |
| 182 | 0 | |a b | |
| 200 | 1 | |a Временная диффузия энтропии |f В. В. Ласуков | |
| 203 | |a Текст |c электронный | ||
| 300 | |a Заглавие с экрана | ||
| 320 | |a [Библиогр.: с. 80 (27 назв.)] | ||
| 330 | |a Показано, что существуют обладающие временной симметрией дифференциальные уравнения диффузионного либо волнового типа, которые могут быть использованы для описания необратимой эволюции энтропии. Обнаружено, что решение «энтропийного уравнения» имеет монотонно возрастающий характер, горизонтальной асимптотикой которого может быть энтропия Бекенстайна - Хокинга и Больцмана либо энтропия релятивистской плазмы. | ||
| 333 | |a Режим доступа: по договору с организацией-держателем ресурса | ||
| 461 | |t Известия вузов. Физика |o научный журнал |f Национальный исследовательский Томский государственный университет (ТГУ) |d 1957- | ||
| 463 | |t Т. 55, № 6 |v [С. 75-80] |d 2012 | ||
| 610 | 1 | |a электронный ресурс | |
| 610 | 1 | |a труды учёных ТПУ | |
| 610 | 1 | |a энтропия | |
| 610 | 1 | |a диффузия | |
| 700 | 1 | |a Ласуков |b В. В. |c математик |c доцент Томского политехнического университета, кандидат физико-математических наук |f 1954- |g Владимир Васильевич |3 (RuTPU)RU\TPU\pers\28144 |9 13102 | |
| 712 | 0 | 2 | |a Национальный исследовательский Томский политехнический университет (ТПУ) |b Физико-технический институт (ФТИ) |b Кафедра высшей математики (ВМ) |3 (RuTPU)RU\TPU\col\18728 |
| 801 | 2 | |a RU |b 63413507 |c 20150421 |g RCR | |
| 850 | |a 63413507 | ||
| 856 | 4 | |u http://elibrary.ru/item.asp?id=17885891& | |
| 942 | |c CF | ||